000 00583nam a2200205Ia 4500
005 20250508152740.0
008 008 250505s9999 xx 000 0 eng d
037 _aBooks to be hide in OPAC
040 _aFEDL
_beng
_cFEDL
041 _aeng
_2eng
084 _a028.7, WIN/O
_qFEDL
100 _aWinchell Constance M
245 0 _aGuide to reference books
245 0 _cAmerican Library Association
250 _a7th
260 _aChicago
_bAmerican Library Association
_c1951
300 _axvii,645p.
942 _cHB
_h028.7, WIN/O
999 _c1338483
_d1338483